000 00425nam a22001577a 4500
005 20180307155043.0
008 170807b xxu||||| |||| 00| 0 eng d
020 _a9780521195348
040 _cPK-LaUMT
082 _aZIAC 297.01
_bWAL-G
100 _aWalbridge, John
245 _aGod and logic in Islam: the caliphate of reason /
_cJohn Walbridge
260 _aLondon:
_bCambridge,
_c2010
300 _a211 p.
942 _cBK
999 _c96500
_d96500